Sistemas educacionales para maestros de enseñanza elemental

Guardat en:
Dades bibliogràfiques
Autor principal: Garry, Ralph (Autor)
Format: Llibre
Idioma:espanyol
Publicat: Ciudad de México Limusa-Wiley 1965
Matèries:
Etiquetes: Afegir etiqueta
Sense etiquetes, Sigues el primer a etiquetar aquest registre!

MARC

LEADER 00000nam a2200000 a 4500
001 UCY0290
003 CL-VaPUC
008 940721e19650000MX |||||||||||||||||spa|d
082 0 4 |a 371.1023  |b GAR  |2 21 
100 0 |a Garry, Ralph  |e author  |9 327937 
245 1 0 |a Sistemas educacionales para maestros de enseñanza elemental 
300 |a 568 p 
942 |c BK 
945 |d 19940721 00:00:00  |a rbrito 
260 |a Ciudad de México  |b Limusa-Wiley  |c 1965 
650 0 |a Relaciones profesor alumno  |9 316811 
583 |a last modification  |c 19940721 00:00:00  |k Rodrigo Vera 
999 |c 229324  |d 229322 
952 |0 0  |1 0  |4 0  |6 371_102300000000000_GAR_1965  |7 0  |8 P  |9 230275  |a BIBEDU  |b BIBEDU  |c BIBEDU_PB  |d 2019-11-15  |i 2992043  |o 371.1023 GAR 1965  |p 2992043  |r 2024-01-25  |w 2019-11-15  |y BK  |k EDU 
952 |0 0  |1 0  |4 0  |6 371_102300000000000_GAR_1965  |7 0  |8 P  |9 230276  |a BIBEDU  |b BIBEDU  |c BIBEDU_PB  |d 2019-11-15  |i 1633899  |o 371.1023 GAR 1965  |p 1633899  |r 2024-01-25  |w 2019-11-15  |y BK  |k EDU